[Event "Kaluga Tsiolkovsky Memorial op"]
[Site "Kaluga"]
[Date "2016.08.10"]
[Round "5"]
[White "Kachulin, Sergey"]
[Black "Spiridonov, Daniil"]
[Result "1-0"]
[WhiteElo "1999"]
[BlackElo "1499"]
[PlyCount "45"]
[EventDate "2016.08.06"]
[EventType "swiss"]
[EventRounds "9"]
[EventCountry "RUS"]
[SourceTitle "CBM 174 Extra"]
[Source "ChessBase"]
[SourceDate "2016.10.10"]
[SourceVersion "1"]
[SourceVersionDate "2016.10.10"]
[SourceQuality "1"]

1. e4 c5 2. Nf3 d6 3. Bb5+ Bd7 4. Bxd7+ Qxd7 5. c4 Nf6 6. Nc3 Nc6 7. 0-0 e6 8. d4 cxd4 9. Nxd4 a6 10. Kh1 Be7 11. f3 0-0 12. Be3 Rac8 13. b3 Rfd8 14. Rc1 Qc7 15. Qe2 Qb8 16. Rfd1 h6 17. g4 Ne5 18. h3 Ng6 19. f4 Bf8 20. Nf3 e5 21. f5 Ne7 22. Nd2 Qc7 23. h4 1-0